Kĩ thuật chế tạo phụ tùng máy nổ trong máy xây dựng
Đã lưu trong:
| 主要作者: | |
|---|---|
| 格式: | 图书 |
| 语言: | Undetermined |
| 出版: |
Hà Nội
Xây dựng
1985
|
| 主题: | |
| 标签: |
添加标签
没有标签, 成为第一个标记此记录!
|
| Thư viện lưu trữ: | Trung tâm Học liệu Trường Đại học Cần Thơ |
|---|
| LEADER | 00532nam a2200169Ia 4500 | ||
|---|---|---|---|
| 001 | CTU_15696 | ||
| 008 | 210402s9999 xx 000 0 und d | ||
| 082 | |a 621.437 | ||
| 082 | |b T312 | ||
| 100 | |a Nguyễn Văn Tính | ||
| 245 | 0 | |a Kĩ thuật chế tạo phụ tùng máy nổ trong máy xây dựng | |
| 245 | 0 | |c Nguyễn Văn Tính | |
| 260 | |a Hà Nội | ||
| 260 | |b Xây dựng | ||
| 260 | |c 1985 | ||
| 650 | |a internal combustion engines | ||
| 980 | |a Trung tâm Học liệu Trường Đại học Cần Thơ | ||